000
003160000a22001450004500
001
000347
003
MACL
040
_a
MACL
090
_c
347
_d
347
100
_a
Dutta, Krishna
245
_a
Rabindranath Tagore
_b
An Anthology
_c
Krishna Dutta
260
_a
Picador,
_c
1997
650
_a
Biography
942
_k
920
_c
Book
999
_c
49654
_d
49654